Catálogo de la Biblioteca Horacio González - Universidad Nacional de General Sarmiento

Glosario de vocablos geográficos : (Registro nro. 1482)

Detalles MARC
000 -CABECERA
campo de control de longitud fija 01251nam a22003250a 4500
001 - NÚMERO DE CONTROL
campo de control PT2158
003 - IDENTIFICADOR DEL NÚMERO DE CONTROL
campo de control AR-LpoUNG
005 - FECHA Y HORA DE LA ÚLTIMA TRANSACCIÓN
campo de control 20210131230119.0
008 - DATOS DE LONGITUD FIJA--INFORMACIÓN GENERAL
campo de control de longitud fija 191001s1994||||ag |||||||||||||||||spa d
040 ## - FUENTE DE LA CATALOGACIÓN
Centro catalogador/agencia de origen AR-LpoUNG
Lengua de catalogación spa
Centro/agencia transcriptor AR-LpoUNG
Normas de descripción aacr
041 ## - CÓDIGO DE LENGUA
Código de lengua del texto/banda sonora o título independiente spa
044 ## - CÓDIGO DEL PAÍS DE LA ENTIDAD EDITORA/PRODUCTORA
Código MARC del país ag
082 0# - NÚMERO DE LA CLASIFICACIÓN DECIMAL DEWEY
Número de clasificación 910.3 695gl
100 1# - ENTRADA PRINCIPAL--NOMBRE DE PERSONA
Nombre de persona Bompare de Gobbi, Maria E.
245 10 - MENCIÓN DE TÍTULO
Título Glosario de vocablos geográficos :
Resto del título con referencias especiales a la provincia de Mendoza.
250 ## - MENCIÓN DE EDICIÓN
Mención de edición ed.
260 ## - PUBLICACIÓN, DISTRIBUCIÓN, ETC.
Lugar de publicación, distribución, etc. Mendoza :
Nombre del editor, distribuidor, etc. Bibiana del Pilar Vaquer de Luquez,
Fecha de publicación, distribución, etc. 1994.
300 ## - DESCRIPCIÓN FÍSICA
Extensión 144 p. :
Otras características físicas tbls., gráfs., il.
520 ## - SUMARIO, ETC.
Sumario, etc. <p>Dicionario de vocablos de geografía. Los objetivos de este texto son ofrecer material de referencia para la disciplina, ofrecer a los alumnos de educación media la posiblidad de incorporar vocablos geográficos nuevos correspondientes a su lugar; presentar un recurso para ejercitar desde la geografía el correcto uso de la lengua española y las lenguas nativas.</p>
650 #4 - PUNTO DE ACCESO ADICIONAL DE MATERIA--TÉRMINO DE MATERIA
Término de materia o nombre geográfico como elemento de entrada DICCIONARIOS
650 #4 - PUNTO DE ACCESO ADICIONAL DE MATERIA--TÉRMINO DE MATERIA
Término de materia o nombre geográfico como elemento de entrada GEOGRAFIA
650 #4 - PUNTO DE ACCESO ADICIONAL DE MATERIA--TÉRMINO DE MATERIA
Término de materia o nombre geográfico como elemento de entrada GLOSARIOS
650 #4 - PUNTO DE ACCESO ADICIONAL DE MATERIA--TÉRMINO DE MATERIA
Término de materia o nombre geográfico como elemento de entrada LEXICOGRAFIA
650 #4 - PUNTO DE ACCESO ADICIONAL DE MATERIA--TÉRMINO DE MATERIA
Término de materia o nombre geográfico como elemento de entrada LIBROS
650 #4 - PUNTO DE ACCESO ADICIONAL DE MATERIA--TÉRMINO DE MATERIA
Término de materia o nombre geográfico como elemento de entrada MATERIAL DE REFERENCIA
651 #4 - PUNTO DE ACCESO ADICIONAL DE MATERIA--NOMBRE GEOGRÁFICO
Nombre geográfico Argentina
700 1# - PUNTO DE ACCESO ADICIONAL--NOMBRE DE PERSONA
Nombre de persona Vaquer de Luquez, Bibiana
905 ## - ELEMENTOS DE DATOS E LOCAL, LDE (RLIN)
a 2158
942 ## - ELEMENTOS DE PUNTO DE ACCESO ADICIONAL (KOHA)
Tipo de ítem Koha Libro
Existencias
Estado de retiro Estado de pérdida Estado dañado No para préstamo Código de colección Localización permanente Ubicación/localización actual Fecha de adquisición Total de préstamos Renovaciones totales Signatura topográfica completa Código de barras Fecha visto por última vez Fecha del último préstamo Precio válido a partir de Tipo de ítem Koha
        Colección General Biblioteca Universidad Nacional de General Sarmiento Biblioteca Universidad Nacional de General Sarmiento 31/01/2021 1 1 910.3 695gl 00003507 15/05/2026 30/04/2026 31/01/2021 Libro